00665nam a2200217Ia 450000500170000000800410001702000230005804000190008104100120010008200130011210000240012524500830014925000130023226000460024530000150029150400500030665000280035665100300038470000230041485000100043720230502122458.0131103s9999 xx 000 0 und d a8131711323cRs.475 aLoreto College aEnglish a658bROB aRobbins, Stephen P. aOrganizational behaviorcStephen P. Robbins, Timothy A. Judge and Seema Sanghi a12th ed. aNew DelhibPearson & Prentice Hallc2007c axxix,829p  aIncludes bibliographical references and index aOrganizational Behavior aOrganizational Psychology aJudge, Timothy A.  aLCLIB